Art of the classical world in the Metropolitan Museum of Art : (Record no. 40142)

MARC details
000 -LEADER
fixed length control field 01649cam a2200337 a 4500
001 - CONTROL NUMBER
control field vtls003142219
003 - CONTROL NUMBER IDENTIFIER
control field MY-SjTCS
005 - DATE AND TIME OF LATEST TRANSACTION
control field 20200306163215.0
008 - FIXED-LENGTH DATA ELEMENTS--GENERAL INFORMATION
fixed length control field 110218s2007 nyuab 000 0 eng
020 ## - INTERNATIONAL STANDARD BOOK NUMBER
International Standard Book Number 9781588392176 (hc : The Metropolitan Museum of Art)
020 ## - INTERNATIONAL STANDARD BOOK NUMBER
International Standard Book Number 9780300120318 (hc : Yale University Press)
020 ## - INTERNATIONAL STANDARD BOOK NUMBER
International Standard Book Number 9781588392190 (pbk. : The Metropolitan Museum of Art)
039 #9 - LEVEL OF BIBLIOGRAPHIC CONTROL AND CODING DETAIL [OBSOLETE]
Level of rules in bibliographic description 201102181810
Level of effort used to assign nonsubject heading access points VLOAD
Level of effort used to assign subject headings 201102181810
Level of effort used to assign classification VLOAD
Level of effort used to assign subject headings 201102181319
Level of effort used to assign classification VLOAD
Level of effort used to assign subject headings 201008251347
Level of effort used to assign classification komathi
-- 200905151913
-- wei haan
043 ## - GEOGRAPHIC AREA CODE
Geographic area code mm-----
-- n-us-ny
082 04 - DEWEY DECIMAL CLASSIFICATION NUMBER
Classification number 709.3807
Item number MET
110 2# - MAIN ENTRY--CORPORATE NAME
Corporate name or jurisdiction name as entry element Metropolitan Museum of Art (New York, N.Y.)
9 (RLIN) 22371
245 10 - TITLE STATEMENT
Title Art of the classical world in the Metropolitan Museum of Art :
Remainder of title Greece, Cyprus, Etruria, Rome /
Statement of responsibility, etc. Carlos A. Picón ... [et al.] ; with contributions from Richard De Puma.
260 ## - PUBLICATION, DISTRIBUTION, ETC.
Place of publication, distribution, etc. New York :
Name of publisher, distributor, etc. Metropolitan Museum of Art ;
Place of publication, distribution, etc. New Haven :
Name of publisher, distributor, etc. Yale University Press,
Date of publication, distribution, etc. 2007.
300 ## - PHYSICAL DESCRIPTION
Extent xi, 508 p. :
Other physical details ill. (some col.), col. maps ;
Dimensions 29 cm.
500 ## - GENERAL NOTE
General note Published to coincide with the opening of the museum's new galleries of Hellenistic, Etruscan, and Roman art.
500 ## - GENERAL NOTE
General note Includes index.
610 20 - SUBJECT ADDED ENTRY--CORPORATE NAME
Corporate name or jurisdiction name as entry element Metropolitan Museum of Art (New York, N.Y.)
9 (RLIN) 22371
650 #0 - SUBJECT ADDED ENTRY--TOPICAL TERM
Topical term or geographic name entry element Art, Classical
Geographic subdivision Mediterranean Region.
9 (RLIN) 229343
650 #0 - SUBJECT ADDED ENTRY--TOPICAL TERM
Topical term or geographic name entry element Art, Ancient
Geographic subdivision Mediterranean Region.
9 (RLIN) 229344
650 #0 - SUBJECT ADDED ENTRY--TOPICAL TERM
Topical term or geographic name entry element Classical antiquities.
9 (RLIN) 35101
650 #0 - SUBJECT ADDED ENTRY--TOPICAL TERM
Topical term or geographic name entry element Art
Geographic subdivision New York (State)
-- New York.
9 (RLIN) 229345
651 #0 - SUBJECT ADDED ENTRY--GEOGRAPHIC NAME
Geographic name Mediterranean Region
General subdivision Antiquities.
9 (RLIN) 229346
700 1# - ADDED ENTRY--PERSONAL NAME
Personal name Picón, Carlos A.
9 (RLIN) 35460
700 1# - ADDED ENTRY--PERSONAL NAME
Personal name De Puma, Richard Daniel,
Dates associated with a name 1942-
9 (RLIN) 229347
920 ## - Programme
Programme BLT(DIP): 528346, 528347, CD520213
Holdings
Withdrawn status Lost status Source of classification or shelving scheme Damaged status Not for loan Home library Current library Date acquired Cost, normal purchase price Total Checkouts Barcode Date last seen Date last checked out Copy number Uniform Resource Identifier Cost, replacement price Koha item type Public note
    Dewey Decimal Classification     Taylor's Library-TU Taylor's Library-TU 02/09/2009 218.40 2 5000048954 05/12/2019 10/04/2012 1 Floor 4, Shelf 29 , Side 2, TierNo 5, BayNo 4 218.40 Main Collection SABDx,23003,02,GR